[Event "Aragon-chT Preferente Gr II"]
[Site "Aragon"]
[Date "2022.02.19"]
[Round "4.70"]
[White "Garcia Mendez, Beatriz"]
[Black "Barranco Mananet, Fernando"]
[Result "0-1"]
[WhiteElo "1692"]
[BlackElo "1981"]
[PlyCount "74"]
[EventDate "2022.01.29"]
[EventType "team-tourn"]
[EventRounds "9"]
[EventCountry "ESP"]
[SourceTitle "EXT 2024"]
[Source "ChessBase"]
[SourceDate "2023.10.10"]
[SourceVersion "1"]
[SourceVersionDate "2023.10.10"]
[SourceQuality "1"]
[WhiteTeam "Marcos Frechin II"]
[BlackTeam "Monzon"]
[WhiteTeamCountry "ESP"]
[BlackTeamCountry "ESP"]

1. c4 e5 2. g3 Nf6 3. Bg2 h6 4. a3 c6 5. d4 e4 6. d5 d6 7. Nc3 Bf5 8. Qc2 Qe7 9. e3 Nbd7 10. Nge2 cxd5 11. Nd4 Bh7 12. Nxd5 Nxd5 13. cxd5 Nb6 14. Qb3 g5 15. Bd2 Bg7 16. Bc3 0-0 17. 0-0 Rfc8 18. Rad1 Nc4 19. Bh3 Rc7 20. Bf5 Bxd4 21. Bxh7+ Kxh7 22. Bxd4 f5 23. f3 exf3 24. Rxf3 Qe4 25. Rf2 Na5 26. Qb5 b6 27. Rdf1 Rf7 28. Rxf5 Rxf5 29. Qd7+ Kg6 30. Qxd6+ Kh5 31. Qd7 Rxf1+ 32. Kxf1 Rf8+ 33. Ke2 Qc2+ 34. Ke1 Qc1+ 35. Ke2 Qf1+ 36. Kd2 Rf2+ 37. Kc3 Qc4# 0-1

[Event "Aragon-chT Honor Gr-II"]
[Site "Aragon"]
[Date "2020.02.29"]
[Round "6.31"]
[White "Barranco Mananet, Fernando"]
[Black "Felez Casedas, Carlos"]
[Result "1/2-1/2"]
[WhiteElo "2034"]
[BlackElo "1971"]
[PlyCount "99"]
[EventDate "2020.01.25"]
[EventType "team-tourn"]
[EventRounds "7"]
[EventCountry "ESP"]
[SourceTitle "EXT 2022"]
[Source "ChessBase"]
[SourceDate "2021.10.06"]
[SourceVersion "1"]
[SourceVersionDate "2021.10.06"]
[SourceQuality "1"]
[WhiteTeam "Monzon"]
[BlackTeam "La Aurora Estadilla"]
[WhiteTeamCountry "ESP"]
[BlackTeamCountry "ESP"]

1. e4 e5 2. Nf3 Nf6 3. Nc3 Nc6 4. d4 exd4 5. Nxd4 Bb4 6. Nxc6 bxc6 7. Bd3 d5 8. 0-0 Bxc3 9. bxc3 dxe4 10. Bxe4 Nxe4 11. Qe2 0-0 12. Qxe4 Qd5 13. Qf4 Bf5 14. Qg3 Bxc2 15. Bf4 Qd3 16. Qxd3 Bxd3 17. Rfe1 Rfe8 18. Bxc7 Rxe1+ 19. Rxe1 Bc4 20. a4 Be6 21. Rb1 Rc8 22. Bd6 h5 23. Bc5 a6 24. Rb6 Bc4 25. f3 Rd8 26. Rxc6 Rd1+ 27. Kf2 Rd2+ 28. Kg3 Bf1 29. h4 Rxg2+ 30. Kf4 Ra2 31. Bd4 Rxa4 32. Rc5 Rc4 33. Rxh5 Rc6 34. Re5 Re6 35. Rc5 Be2 36. Rc8+ Kh7 37. Rc7 Kg8 38. Rc5 Kh7 39. h5 g6 40. hxg6+ Kxg6 41. Rg5+ Kh6 42. Rg2 Bc4 43. Kf5 Bd3+ 44. Kf4 a5 45. Bg7+ Kh7 46. Bf8 Rg6 47. Ra2 Ra6 48. Ke3 Bb1 49. Rg2 a4 50. Ba3 1/2-1/2

[Event "Aragon-chT Honor Gr-II"]
[Site "Aragon"]
[Date "2020.02.01"]
[Round "2.3"]
[White "Barranco Mananet, Fernando"]
[Black "Vela Frago, Alberto"]
[Result "0-1"]
[WhiteElo "2034"]
[BlackElo "2040"]
[PlyCount "88"]
[EventDate "2020.01.25"]
[EventType "team-tourn"]
[EventRounds "7"]
[EventCountry "ESP"]
[SourceTitle "EXT 2022"]
[Source "ChessBase"]
[SourceDate "2021.10.06"]
[SourceVersion "1"]
[SourceVersionDate "2021.10.06"]
[SourceQuality "1"]
[WhiteTeam "Monzon"]
[BlackTeam "St Casablanca"]
[WhiteTeamCountry "ESP"]
[BlackTeamCountry "ESP"]

1. e4 e5 2. Nf3 Nc6 3. d4 exd4 4. Nxd4 Nf6 5. Nxc6 bxc6 6. e5 Qe7 7. Qe2 Nd5 8. c4 Ba6 9. b3 0-0-0 10. g3 h5 11. Bg2 h4 12. 0-0 g6 13. Ba3 Qg5 14. Bc1 Qe7 15. Ba3 Qe8 16. Bb2 Bg7 17. e6 Bxb2 18. exd7+ Qxd7 19. Qxb2 Qg4 20. h3 Qg5 21. Qd2 Qf5 22. Na3 Nc3 23. Qe3 Rhe8 24. Qf3 Ne2+ 25. Kh2 Qxf3 26. Bxf3 Nd4 27. Bg2 Re2 28. Kg1 Rde8 29. gxh4 c5 30. Nb5 Bxb5 31. cxb5 Kd7 32. Rad1 Kd6 33. a4 Rb2 34. Rd3 Rxb3 35. Rxb3 Nxb3 36. Rd1+ Nd4 37. Kh2 Re2 38. Kg3 Ra2 39. Bc6 Ke5 40. f4+ Kf6 41. Be8 Rxa4 42. Kg4 Ra3 43. Bd7 Ra2 44. h5 Rg2+ 0-1

[Event "Aragon-chT Preferente Gr-II"]
[Site "Aragon"]
[Date "2019.02.23"]
[Round "5.1"]
[White "Aribau Rivas, Miguel Angel"]
[Black "Barranco Mananet, Fernando"]
[Result "1-0"]
[WhiteElo "2043"]
[BlackElo "2045"]
[PlyCount "107"]
[EventDate "2019.01.26"]
[EventType "team-tourn"]
[EventRounds "9"]
[EventCountry "ESP"]
[SourceTitle "EXT 2020"]
[Source "ChessBase"]
[SourceDate "2019.10.17"]
[SourceVersion "1"]
[SourceVersionDate "2019.10.17"]
[SourceQuality "1"]
[WhiteTeam "Fraga"]
[BlackTeam "Monzon"]
[WhiteTeamCountry "ESP"]
[BlackTeamCountry "ESP"]

1. e4 c5 2. Nf3 e6 3. d4 cxd4 4. Nxd4 Nc6 5. g3 g6 6. Nc3 Qc7 7. Bg2 a6 8. 0-0 Bg7 9. Nb3 Nge7 10. a4 b6 11. Nd5 Qb8 12. Bf4 e5 13. Be3 Nxd5 14. exd5 Nd8 15. Nd2 Nb7 16. Bxb6 d6 17. Nc4 0-0 18. Be3 Nc5 19. a5 Nd7 20. Qd2 Re8 21. Ra3 Qc7 22. Nb6 Nxb6 23. axb6 Qb8 24. Qb4 Bb7 25. Rd1 Qd8 26. Bf1 Qd7 27. Rc3 Rec8 28. Rxc8+ Rxc8 29. c4 Re8 30. b3 h5 31. h4 Bf6 32. Qd2 Rc8 33. Kh2 Qe7 34. Re1 Re8 35. Bg2 Rd8 36. Rc1 Rc8 37. b4 e4 38. Kg1 Qe5 39. Bf4 Qb2 40. Qxb2 Bxb2 41. Rc2 Be5 42. Bxe5 dxe5 43. Bxe4 f5 44. c5 fxe4 45. c6 Rb8 46. cxb7 Rxb7 47. Rc6 Kf8 48. Kf1 Ke8 49. Ke2 Rb8 50. Ke3 Kd7 51. Kxe4 Re8 52. Rxg6 Rc8 53. f3 Re8 54. Re6 1-0

[Event "Aragon-chT Preferente Gr II"]
[Site "Aragon"]
[Date "2018.03.10"]
[Round "7.54"]
[White "Garcia Morales, Roberto"]
[Black "Barranco Mananet, Fernando"]
[Result "1-0"]
[WhiteElo "2066"]
[BlackElo "2026"]
[PlyCount "90"]
[EventDate "2018.01.27"]
[EventType "team-tourn"]
[EventRounds "9"]
[EventCountry "ESP"]
[SourceTitle "EXT 2019"]
[Source "ChessBase"]
[SourceDate "2018.10.10"]
[SourceVersion "1"]
[SourceVersionDate "2018.10.10"]
[SourceQuality "1"]
[WhiteTeam "Agrupacion II"]
[BlackTeam "Monzon"]
[WhiteTeamCountry "ESP"]
[BlackTeamCountry "ESP"]

1. c4 g6 2. Nc3 Bg7 3. Nf3 d6 4. d4 Nd7 5. g3 e5 6. Bg2 Ne7 7. e3 0-0 8. 0-0 Re8 9. b3 Nf5 10. Bb2 c6 11. d5 c5 12. Nd2 a6 13. Nde4 Nf6 14. Nxf6+ Bxf6 15. Ne4 Bg7 16. Qe2 b5 17. Rfd1 bxc4 18. Qxc4 Bd7 19. Qc2 Nh6 20. Bc3 Qb6 21. Rab1 f5 22. Nd2 Bf6 23. Nc4 Qb8 24. b4 cxb4 25. Bxb4 Rc8 26. Rdc1 Nf7 27. Ba5 Bb5 28. Bf1 Qa7 29. a4 Bxc4 30. Bxc4 Bd8 31. Bb4 Bb6 32. Qe2 Bc5 33. h4 Bxb4 34. Rxb4 e4 35. Rcb1 Ne5 36. Rb7 Qc5 37. Bxa6 Qxd5 38. R7b5 Rc5 39. Bb7 Rxb5 40. Rxb5 Nf3+ 41. Qxf3 Qxb7 42. Qxf5 gxf5 43. Rxb7 Rxa4 44. Rd7 Ra1+ 45. Kg2 Rd1 1-0

[Event "Huesca Province-ch"]
[Site "Sabinanigo"]
[Date "2016.11.19"]
[Round "6"]
[White "Chesa Chavarria, Aurelio"]
[Black "Barranco Mananet, Fernando"]
[Result "1-0"]
[WhiteElo "1747"]
[BlackElo "1759"]
[PlyCount "87"]
[EventDate "2016.10.15"]
[EventType "swiss"]
[EventRounds "7"]
[EventCountry "ESP"]
[SourceTitle "EXT 2018"]
[Source "ChessBase"]
[SourceDate "2017.10.13"]
[SourceVersion "1"]
[SourceVersionDate "2017.10.13"]
[SourceQuality "1"]

1. d4 Nf6 2. c4 e6 3. Nf3 b6 4. a3 Bb7 5. Nc3 Be7 6. d5 0-0 7. e4 exd5 8. e5 Ne4 9. cxd5 Ng5 10. Be2 Ba6 11. Nxg5 Bxg5 12. f4 Bxe2 13. Qxe2 Be7 14. Be3 Qc8 15. 0-0 a5 16. f5 f6 17. e6 Na6 18. Qh5 Bc5 19. Rae1 Qe8 20. Qxe8 Rfxe8 21. Bxc5 Nxc5 22. Nb5 Rec8 23. e7 Kf7 24. d6 c6 25. Nc7 Rab8 26. e8Q+ Rxe8 27. Rxe8 Rxe8 28. Nxe8 Kxe8 29. Re1+ Kf8 30. Re7 a4 31. Kf1 Kg8 32. Ke2 Kf8 33. Kd2 b5 34. Kc3 Kg8 35. Kb4 Nd3+ 36. Kc3 Nc5 37. Kb4 Nd3+ 38. Ka5 Ne5 39. Kb6 g6 40. Kc7 gxf5 41. Rxd7 c5 42. Re7 Ng6 43. Re8+ Kf7 44. d7 1-0

[Event "ESP-ch U18"]
[Site "Granada"]
[Date "2016.07.25"]
[Round "1"]
[White "Orteu Capdevila, Max"]
[Black "Barranco Mananet, Fernando"]
[Result "1-0"]
[WhiteElo "2209"]
[BlackElo "1816"]
[PlyCount "77"]
[EventDate "2016.07.25"]
[EventType "swiss"]
[EventRounds "9"]
[EventCountry "ESP"]
[SourceTitle "EXT 2024"]
[Source "ChessBase"]
[SourceDate "2023.10.10"]
[SourceVersion "1"]
[SourceVersionDate "2023.10.10"]
[SourceQuality "1"]

1. d4 Nf6 2. Nf3 g6 3. Bg5 Bg7 4. Nbd2 0-0 5. e4 d6 6. c3 Nbd7 7. Bd3 Re8 8. 0-0 e5 9. Qc2 c6 10. Nc4 Qc7 11. dxe5 Nxe5 12. Nfxe5 dxe5 13. f4 exf4 14. Bxf4 Qe7 15. Rae1 Be6 16. Nd6 Red8 17. e5 Nd5 18. Bg3 Bh6 19. Qf2 Rf8 20. Ne4 Bg5 21. Nxg5 Qxg5 22. Bh4 Qh6 23. Qg3 Rae8 24. Bg5 Qg7 25. Qh4 h5 26. Bb1 Rc8 27. c4 Nb6 28. b3 Nd7 29. Qf4 Rfe8 30. Rf3 Bg4 31. Rfe3 Be6 32. h3 Rc7 33. g4 hxg4 34. hxg4 Qf8 35. Rh3 Qc5+ 36. Kg2 Qa3 37. Bf6 Qb2+ 38. Kh1 Nxf6 39. Qxf6 1-0

[Event "Aragon-chT Preferente Ascenso playoff"]
[Site "Aragon"]
[Date "2016.04.09"]
[Round "10.23"]
[White "Barranco Mananet, Fernando"]
[Black "Uldemolins Nivela, Mateo"]
[Result "0-1"]
[WhiteElo "1837"]
[BlackElo "1922"]
[PlyCount "118"]
[EventDate "2016.04.09"]
[EventType "team-match"]
[EventRounds "10"]
[EventCountry "ESP"]
[SourceTitle "EXT 2018"]
[Source "ChessBase"]
[SourceDate "2017.10.13"]
[SourceVersion "1"]
[SourceVersionDate "2017.10.13"]
[SourceQuality "1"]
[WhiteTeam "Monzon"]
[BlackTeam "Jaque"]
[WhiteTeamCountry "ESP"]
[BlackTeamCountry "ESP"]

1. d4 d5 2. c4 c6 3. Nc3 Nf6 4. Bg5 Ne4 5. Nxe4 dxe4 6. e3 Qa5+ 7. Qd2 Qxg5 8. Ne2 Nd7 9. Ng3 Nf6 10. Be2 Bg4 11. 0-0 Bxe2 12. Qxe2 g6 13. Rfd1 Bg7 14. b4 0-0 15. Rab1 Rfd8 16. h3 e5 17. b5 exd4 18. Rxd4 Rxd4 19. exd4 c5 20. d5 Re8 21. Rb3 e3 22. Rxe3 Rxe3 23. Qxe3 Qxe3 24. fxe3 Kf8 25. Kf2 Ke7 26. Ke2 Ne8 27. Kd3 Nd6 28. a4 Be5 29. Nf1 Kf6 30. Nd2 Kf5 31. g4+ Kg5 32. Nf3+ Kf6 33. e4 Bf4 34. a5 h6 35. a6 bxa6 36. bxa6 Ne8 37. Kc3 Ke7 38. e5 Kd7 39. Kb3 Kc7 40. Ka4 Kb6 41. h4 Kxa6 42. Kb3 Kb6 43. Ka4 f6 44. e6 Nd6 45. Kb3 a5 46. Ng1 a4+ 47. Kxa4 Nxc4 48. e7 Nd6 49. Ne2 Be5 50. Nc1 Kc7 51. Nd3 Bd4 52. Nf4 g5 53. hxg5 hxg5 54. Ng6 Kd7 55. Kb3 Nc8 56. Kc4 Nxe7 57. Nf8+ Kd6 58. Ne6 Nxd5 59. Nxd4 Ne3+ 0-1

[Event "Aragon-chT Preferente B"]
[Site "Aragon"]
[Date "2016.03.12"]
[Round "7.67"]
[White "Sig Vargas, Pablo"]
[Black "Barranco Mananet, Fernando"]
[Result "1/2-1/2"]
[WhiteElo "1885"]
[BlackElo "1837"]
[PlyCount "65"]
[EventDate "2016.01.30"]
[EventType "team-tourn"]
[EventRounds "9"]
[EventCountry "ESP"]
[SourceTitle "EXT 2018"]
[Source "ChessBase"]
[SourceDate "2017.10.13"]
[SourceVersion "1"]
[SourceVersionDate "2017.10.13"]
[SourceQuality "1"]
[WhiteTeam "Barbastro"]
[BlackTeam "Monzon"]
[WhiteTeamCountry "ESP"]
[BlackTeamCountry "ESP"]

1. e4 c5 2. Nf3 e6 3. d4 cxd4 4. Nxd4 Nc6 5. Nc3 Qc7 6. Be3 a6 7. Qd2 Nf6 8. 0-0-0 Bb4 9. f3 b5 10. a3 Ba5 11. Bf4 Bxc3 12. Bxc7 Bxd2+ 13. Rxd2 Bb7 14. Be2 0-0 15. h4 Rac8 16. Bd6 Rfe8 17. g4 Nxd4 18. Rxd4 e5 19. Rd2 Re6 20. Rhd1 Bc6 21. Kb1 Ne8 22. Bb4 Rf6 23. Rd3 Kh8 24. g5 Rf4 25. Rh1 f5 26. gxf6 Rxf6 27. Be7 Rf7 28. Bb4 h6 29. Rh3 Rd8 30. Ba5 Rc8 31. Bb4 Rd8 32. Ba5 Rc8 33. Bb4 1/2-1/2

[Event "Aragon-chT Preferente B"]
[Site "Aragon"]
[Date "2016.02.27"]
[Round "5.67"]
[White "Fernandez Sierra, Pedro Jose"]
[Black "Barranco Mananet, Fernando"]
[Result "0-1"]
[WhiteElo "1670"]
[BlackElo "1837"]
[PlyCount "96"]
[EventDate "2016.01.30"]
[EventType "team-tourn"]
[EventRounds "9"]
[EventCountry "ESP"]
[SourceTitle "EXT 2018"]
[Source "ChessBase"]
[SourceDate "2017.10.13"]
[SourceVersion "1"]
[SourceVersionDate "2017.10.13"]
[SourceQuality "1"]
[WhiteTeam "Actur Rey Fernando"]
[BlackTeam "Monzon"]
[WhiteTeamCountry "ESP"]
[BlackTeamCountry "ESP"]

1. e4 c5 2. Nf3 e6 3. d4 cxd4 4. Nxd4 Nc6 5. Nc3 Qc7 6. Be3 a6 7. Qd2 Nf6 8. f3 b5 9. 0-0-0 Bb7 10. g4 Rc8 11. h4 Bb4 12. a3 Ba5 13. Nb3 Bxc3 14. Qxc3 b4 15. axb4 Nxb4 16. Qxc7 Rxc7 17. Rh2 d5 18. Bf4 Rc8 19. Bd6 Nc6 20. Nc5 Nd8 21. e5 Nd7 22. Nxa6 Bxa6 23. Bxa6 Ra8 24. Be2 Nb7 25. Ba3 Nxe5 26. Bb5+ Kd8 27. Kb1 Kc7 28. Rf2 Ra5 29. Be2 Rd8 30. f4 Nc6 31. f5 e5 32. c4 d4 33. Bf3 f6 34. g5 Re8 35. gxf6 gxf6 36. Rg2 e4 37. Bh5 Rd8 38. Rg7+ Rd7 39. Rdg1 Ne5 40. Rxd7+ Kxd7 41. Rg7+ Kc6 42. Rxh7 Nxc4 43. Be8+ Kb6 44. Be7 Rxf5 45. h5 Rf1+ 46. Ka2 e3 47. Bb4 Rf2 48. Rd7 Rxb2+ 0-1

[Event "Aragon-chT Preferente B"]
[Site "Aragon"]
[Date "2016.02.06"]
[Round "2.67"]
[White "Barranco Mananet, Fernando"]
[Black "Sarrio Bambo, Pablo"]
[Result "1-0"]
[WhiteElo "1837"]
[BlackElo "1848"]
[PlyCount "113"]
[EventDate "2016.01.30"]
[EventType "team-tourn"]
[EventRounds "9"]
[EventCountry "ESP"]
[SourceTitle "EXT 2018"]
[Source "ChessBase"]
[SourceDate "2017.10.13"]
[SourceVersion "1"]
[SourceVersionDate "2017.10.13"]
[SourceQuality "1"]
[WhiteTeam "Monzon"]
[BlackTeam "Delicias II"]
[WhiteTeamCountry "ESP"]
[BlackTeamCountry "ESP"]

1. c4 e5 2. Nc3 Nf6 3. Nf3 Nc6 4. e3 Be7 5. d4 exd4 6. exd4 d5 7. Be2 0-0 8. 0-0 Bf5 9. Nh4 Be6 10. c5 Re8 11. Nf3 a6 12. h3 Qc8 13. Bf4 Nh5 14. Be3 g6 15. Ng5 Ng7 16. Nxe6 Qxe6 17. Bf3 Rad8 18. Re1 Bf6 19. Qd2 Nf5 20. Bg4 h5 21. Bf4 Qd7 22. Bxf5 Qxf5 23. Bxc7 Nxd4 24. Bxd8 Rxd8 25. Re3 Qg5 26. Rd1 h4 27. Rd3 Ne6 28. Qxg5 Bxg5 29. Rxd5 Rxd5 30. Rxd5 Bc1 31. Na4 Bf4 32. Kf1 Kf8 33. Nc3 Ke8 34. a4 Bc1 35. b3 Nf4 36. Re5+ Kd7 37. Re4 g5 38. Ne2 Nxe2 39. Kxe2 Bb2 40. Kd3 f6 41. Kc4 Ba1 42. b4 Bb2 43. b5 axb5+ 44. axb5 Ba1 45. Kd5 Bc3 46. c6+ bxc6+ 47. bxc6+ Kd8 48. f4 f5 49. Rc4 Bd2 50. fxg5 Bxg5 51. Ke6 f4 52. Kf5 Bh6 53. Kg4 Kc7 54. Kxh4 f3 55. gxf3 Bf8 56. Kg5 Bd6 57. h4 1-0

[Event "ESP-ch U18"]
[Site "Salobrena"]
[Date "2015.07.27"]
[Round "2"]
[White "Barranco Mananet, Fernando"]
[Black "Sanchez Ruesga, Carlos"]
[Result "1/2-1/2"]
[WhiteElo "1598"]
[BlackElo "1933"]
[PlyCount "82"]
[EventDate "2015.07.27"]
[EventType "swiss"]
[EventRounds "9"]
[EventCountry "ESP"]
[SourceTitle "EXT 2016"]
[Source "ChessBase"]
[SourceDate "2015.10.08"]
[SourceVersion "1"]
[SourceVersionDate "2015.10.08"]
[SourceQuality "1"]

1. c4 f5 2. Nf3 Nf6 3. Nc3 g6 4. g3 Bg7 5. Bg2 0-0 6. 0-0 d6 7. d4 Qe8 8. Nb5 Na6 9. Bf4 c6 10. Nc3 Nc7 11. Qc1 Bd7 12. Bh6 Rb8 13. Bxg7 Kxg7 14. b4 Qf7 15. Nd2 Be6 16. c5 Ncd5 17. Nxd5 Bxd5 18. Bxd5 Qxd5 19. Qc4 Rfd8 20. e3 b6 21. cxd6 Qxd6 22. Nf3 Qd5 23. Qxd5 cxd5 24. Rac1 Rbc8 25. Ne5 Ng4 26. Nc6 Rd7 27. b5 Rdc7 28. Rc2 a6 29. a4 Nf6 30. Rfc1 axb5 31. axb5 Ne8 32. Nb4 Rxc2 33. Rxc2 Rxc2 34. Nxc2 Nd6 35. Na3 Kf6 36. Kf1 h5 37. Ke2 g5 38. h3 h4 39. gxh4 gxh4 40. f4 Ke6 41. Kf3 Kf6 1/2-1/2